LEADER 02511nam 2200637 450 001 9910791285303321 005 20230124184330.0 010 $a0-7391-8228-5 035 $a(CKB)2550000001353249 035 $a(EBL)1782677 035 $a(OCoLC)890981044 035 $a(SSID)ssj0001333439 035 $a(PQKBManifestationID)12564998 035 $a(PQKBTitleCode)TC0001333439 035 $a(PQKBWorkID)11385964 035 $a(PQKB)11184338 035 $a(MiAaPQ)EBC1782677 035 $a(Au-PeEL)EBL1782677 035 $a(CaPaEBR)ebr10930497 035 $a(CaONFJC)MIL643719 035 $a(EXLCZ)992550000001353249 100 $a20140927h20142014 uy 0 101 0 $aeng 135 $aur|n|---||||| 181 $ctxt 182 $cc 183 $acr 200 10$aMystical science and practical religion $eMuslim, Hindu, and Sikh discourse on science and technology /$fRichard Cimino 210 1$aLanham, Maryland ;$aLondon, England :$cLexington Books,$d2014. 210 4$dİ2014 215 $a1 online resource (113 p.) 300 $aDescription based upon print version of record. 311 $a1-322-12468-X 311 $a0-7391-8227-7 320 $aIncludes bibliographical references and index. 327 $aContents; Acknowledgments; Introduction; 1 American Muslim Applied Science Professionals and the Spirit of Pragmatism; 2 Rationalized Hinduism and Mystical Science; 3 Sikhism, Science, and the Ethic of Prosperity; 4 A Shared Religion-Science Discourse; Conclusion; References; Index; About the Author 330 $aMystical Science and Practical Religion uniquely examines the religious discourse of Muslim, Hindu, and Sikh applied science professionals and students. While they each view their respective religions as the "most scientific," their work reshapes how they practice and conceptualize their faith. 606 $aReligion and science 606 $aIslam 606 $aHinduism 606 $aSikhism 606 $aTechnology$xReligious aspects 615 0$aReligion and science. 615 0$aIslam. 615 0$aHinduism. 615 0$aSikhism. 615 0$aTechnology$xReligious aspects. 676 $a201/.65 700 $aCimino$b Richard P.$0932532 801 0$bMiAaPQ 801 1$bMiAaPQ 801 2$bMiAaPQ 906 $aBOOK 912 $a9910791285303321 996 $aMystical science and practical religion$93762427 997 $aUNINA